000 00724nam a22001697a 4500
999 _c15089
_d15089
003 OSt
082 _2631.75807 ABH/GR
088 _aT 178
100 _aABHIJEET HINDURAO SURVE
_92500
245 _aGrey water treatment by constructed wetland
260 _aTavanur 2007
_bKelappaji College of Agricultural Engineering and Technology
300 _a122
500 _aGrey water treatment by constructed wetland
520 _aGrey water treatment by constructed wetland. pollution of water bodies can result in the death of aquatic animals, enhanced growth of aquatic plants which causes meandering of flow and floods. waste water mosquito dengue chikkenguniya ....
700 _aEr. Rema K. P (Guide)
_92501
942 _cTH